[Event "Pereira Fiestas de la Cosecha op"]
[Site "Pereira"]
[Date "2023.08.26"]
[Round "5"]
[White "Cuervo Velasquez, Juan Manuel"]
[Black "Soto Ramirez, Andres Camilo"]
[Result "0-1"]
[WhiteElo "1750"]
[BlackElo "1395"]
[PlyCount "52"]
[EventDate "2023.08.24"]
[EventType "swiss"]
[EventRounds "7"]
[EventCountry "COL"]
[SourceTitle "EXT 2024"]
[Source "ChessBase"]
[SourceDate "2023.10.10"]
[SourceVersion "1"]
[SourceVersionDate "2023.10.10"]
[SourceQuality "1"]

1. e4 c5 2. Nf3 d6 3. d4 cxd4 4. Nxd4 Nf6 5. Nc3 a6 6. f4 e5 7. Nf3 Nbd7 8. a4 b6 9. Bc4 Be7 10. Bxf7+ Kxf7 11. Ng5+ Kg8 12. Ne6 Qe8 13. Nc7 Qg6 14. Nxa8 Qxg2 15. Rf1 Bb7 16. Nc7 Ng4 17. Qe2 Bh4+ 18. Kd2 Nf2 19. N7d5 Nc5 20. Rxf2 Bxf2 21. f5 Bxd5 22. exd5 Qg5+ 23. Kd1 Qg1+ 24. Kd2 Bd4 25. h4 Kf7 26. b4 Bxc3+ 0-1

[Event "Pereira Fiestas de la Cosecha op"]
[Site "Pereira"]
[Date "2023.08.26"]
[Round "4"]
[White "Velez Garcia, Carlos Alberto"]
[Black "Cuervo Velasquez, Juan Manuel"]
[Result "0-1"]
[WhiteElo "1369"]
[BlackElo "1750"]
[PlyCount "50"]
[EventDate "2023.08.24"]
[EventType "swiss"]
[EventRounds "7"]
[EventCountry "COL"]
[SourceTitle "EXT 2024"]
[Source "ChessBase"]
[SourceDate "2023.10.10"]
[SourceVersion "1"]
[SourceVersionDate "2023.10.10"]
[SourceQuality "1"]

1. d4 Nf6 2. c4 g6 3. Nc3 d5 4. cxd5 Nxd5 5. e4 Nxc3 6. bxc3 Bg7 7. Bc4 c5 8. Be3 0-0 9. Nf3 Nc6 10. 0-0 Qc7 11. Qc2 Bg4 12. Be2 cxd4 13. cxd4 Rac8 14. Rac1 Qd7 15. Qd2 Bxf3 16. Bxf3 Nxd4 17. Bg4 Qxg4 18. Bxd4 Rcd8 19. Qb4 Rxd4 20. Qxb7 Qxe4 21. Qxa7 Ra4 22. Qd7 Rxa2 23. Rce1 Re2 24. Qd1 Rxe1 25. Rxe1 Qb4 0-1

[Event "Sabaneta op-A 2nd"]
[Site "Sabaneta Antioquia"]
[Date "2023.07.03"]
[Round "8"]
[White "Cuervo Velasquez, Juan Manuel"]
[Black "Molina Ballesteros, Juan Sebastian"]
[Result "0-1"]
[WhiteElo "1755"]
[BlackElo "1780"]
[PlyCount "83"]
[EventDate "2023.06.28"]
[EventType "swiss"]
[EventRounds "9"]
[EventCountry "COL"]
[SourceTitle "CBM 215 Extra"]
[Source "ChessBase"]
[SourceDate "2023.09.30"]
[SourceVersion "1"]
[SourceVersionDate "2023.09.30"]
[SourceQuality "1"]

1. e4 c5 2. Nf3 d6 3. d4 cxd4 4. Nxd4 Nf6 5. Nc3 a6 6. f4 e5 7. Nf3 Qc7 8. Bd3 Nc6 9. 0-0 Bg4 10. h3 Bxf3 11. Qxf3 Be7 12. Nd5 Nxd5 13. exd5 Nd4 14. Qf2 Bf6 15. c3 Nb5 16. a4 Na7 17. Be3 Nc8 18. f5 Ne7 19. Qf3 Qa5 20. Be4 Rc8 21. Rfd1 Rc4 22. b4 Qd8 23. Rac1 a5 24. Bd3 e4 25. Bxe4 axb4 26. cxb4 Rxb4 27. Bd3 0-0 28. Bb5 Rb3 29. Qe4 Nxf5 30. Bf2 g6 31. Rc2 Rc3 32. Rdc1 Rxc2 33. Rxc2 Qb8 34. Bd7 Ne7 35. Bb6 Be5 36. Qe3 Nxd5 37. Qf2 Nf6 38. Bc7 Qa8 39. Bb5 Rc8 40. Qb6 Nd5 41. Qf2 Rxc7 42. Qxf7+ 0-1

[Event "Sabaneta op-A 2nd"]
[Site "Sabaneta Antioquia"]
[Date "2023.07.02"]
[Round "6"]
[White "Rueda Rojas, Richard Alejandro"]
[Black "Cuervo Velasquez, Juan Manuel"]
[Result "1/2-1/2"]
[WhiteElo "1752"]
[BlackElo "1755"]
[PlyCount "99"]
[EventDate "2023.06.28"]
[EventType "swiss"]
[EventRounds "9"]
[EventCountry "COL"]
[SourceTitle "CBM 215 Extra"]
[Source "ChessBase"]
[SourceDate "2023.09.30"]
[SourceVersion "1"]
[SourceVersionDate "2023.09.30"]
[SourceQuality "1"]

1. Nf3 Nf6 2. g3 g6 3. Bg2 Bg7 4. 0-0 0-0 5. c4 d5 6. d4 Nc6 7. cxd5 Nxd5 8. e4 Nb6 9. d5 Na5 10. Nc3 c6 11. Nd4 e6 12. Nde2 exd5 13. exd5 cxd5 14. Nxd5 Bg4 15. Re1 Re8 16. Be3 Nbc4 17. Bd4 Rxe2 18. Bxg7 Rxe1+ 19. Qxe1 Kxg7 20. Qc3+ f6 21. Re1 Ne5 22. Nxf6 Qxf6 23. Rxe5 Rf8 24. Rxa5 Rc8 25. Qxf6+ Kxf6 26. Bxb7 Rc7 27. Rxa7 Ke7 28. Ra4 Bh3 29. f3 Rxb7 30. Rh4 Be6 31. b3 h5 32. Rd4 Kf6 33. Kf2 Ra7 34. Rd2 Ke5 35. Re2+ Kd5 36. Ke3 Kc5 37. Rc2+ Kb4 38. Kf4 Ra5 39. Re2 Rf5+ 40. Ke4 Bd5+ 41. Kd4 Bxf3 42. Re6 g5 43. Re5 Rxe5 44. Kxe5 g4 45. Kf5 Bc6 46. Kg5 Be8 47. Kh4 Ka3 48. h3 Bd7 49. hxg4 hxg4 50. Kg5 1/2-1/2

[Event "Sabaneta op-A 1st"]
[Site "Sabaneta"]
[Date "2022.11.28"]
[Round "6"]
[White "Cuervo Velasquez, Juan Manuel"]
[Black "Zabala, Fidel"]
[Result "0-1"]
[WhiteElo "1813"]
[BlackElo "1920"]
[PlyCount "75"]
[EventDate "2022.11.25"]
[EventType "swiss"]
[EventRounds "10"]
[EventCountry "COL"]
[SourceTitle "CBM 211 Extra"]
[Source "ChessBase"]
[SourceDate "2023.01.31"]
[SourceVersion "1"]
[SourceVersionDate "2023.01.31"]
[SourceQuality "1"]

1. c4 c5 2. Nc3 Nc6 3. Nf3 g6 4. g3 Bg7 5. Bg2 e6 6. e3 Nge7 7. 0-0 d5 8. cxd5 exd5 9. d4 cxd4 10. Nxd4 Nxd4 11. exd4 0-0 12. Bg5 f6 13. Bf4 g5 14. Be3 Be6 15. Qb3 Qd7 16. Rfe1 Rad8 17. Re2 Bf7 18. Rae1 Nc6 19. Na4 b6 20. Rc1 Rfe8 21. Nc3 f5 22. Bxd5 Bxd5 23. Nxd5 Qxd5 24. Rxc6 Qxb3 25. axb3 f4 26. Rc7 fxe3 27. fxe3 Bxd4 28. Rxa7 Rxe3 29. Rxe3 Bxe3+ 30. Kg2 g4 31. Re7 Rd2+ 32. Kf1 Bc5 33. Re4 Rxb2 34. Rxg4+ Kh8 35. h4 Rxb3 36. h5 Bd6 37. Kf2 Rxg3 38. Ke1 0-1

[Event "Medellin Raza Cup"]
[Site "Medellin"]
[Date "2022.10.23"]
[Round "9"]
[White "Ortiz Lopera, Miguel Angel"]
[Black "Cuervo Velasquez, Juan Manuel"]
[Result "1-0"]
[WhiteElo "1827"]
[BlackElo "1803"]
[PlyCount "115"]
[EventDate "2022.10.19"]
[EventType "swiss"]
[EventRounds "10"]
[EventCountry "COL"]
[SourceTitle "EXT 2024"]
[Source "ChessBase"]
[SourceDate "2023.10.10"]
[SourceVersion "1"]
[SourceVersionDate "2023.10.10"]
[SourceQuality "1"]

1. e4 c5 2. Nf3 d6 3. d4 cxd4 4. Nxd4 Nf6 5. Nc3 a6 6. h3 e5 7. Nde2 h5 8. g3 Be6 9. Bg2 Be7 10. Be3 Nbd7 11. 0-0 Rc8 12. f4 Bc4 13. Nd5 Nxd5 14. exd5 h4 15. g4 exf4 16. Rxf4 Bg5 17. Re4+ Kf8 18. Bxg5 Qxg5 19. Nd4 Nf6 20. Re1 g6 21. Nf3 Qxd5 22. b3 Qc5+ 23. Kh1 Bd5 24. Rf1 Ne4 25. Kh2 Ng3 26. Re1 Kg7 27. b4 Qc6 28. Nd4 Bxg2 29. Nxc6 Bxc6 30. Qd4+ Kh6 31. Qf6 Ne4 32. Rxe4 Bxe4 33. Qf4+ Kg7 34. Qxe4 Rhe8 35. Qd3 Re6 36. Rf1 Rce8 37. Rf2 f6 38. Qd4 g5 39. a4 R8e7 40. c4 Rf7 41. a5 Rfe7 42. b5 Rc7 43. bxa6 bxa6 44. Qd5 Rce7 45. Kg2 Kf8 46. Qxg5 d5 47. cxd5 Ke8 48. Qg8+ Kd7 49. dxe6+ Kc6 50. Rxf6 Rf7 51. exf7+ Kb5 52. Qg5+ Kb4 53. Rf4+ Kc3 54. Qe5+ Kd2 55. Rc4 Kd3 56. Rc3+ Kd2 57. Qe3+ Kd1 58. Rc1# 1-0

[Event "Medellin Raza Cup"]
[Site "Medellin"]
[Date "2022.10.21"]
[Round "5"]
[White "Cordoba Roa, Angel Gabriel"]
[Black "Cuervo Velasquez, Juan Manuel"]
[Result "1-0"]
[WhiteElo "2099"]
[BlackElo "1803"]
[PlyCount "87"]
[EventDate "2022.10.19"]
[EventType "swiss"]
[EventRounds "10"]
[EventCountry "COL"]
[SourceTitle "EXT 2024"]
[Source "ChessBase"]
[SourceDate "2023.10.10"]
[SourceVersion "1"]
[SourceVersionDate "2023.10.10"]
[SourceQuality "1"]

1. e4 c5 2. Nf3 d6 3. d4 cxd4 4. Nxd4 Nf6 5. Nc3 a6 6. Bg5 e6 7. f4 Nc6 8. Nxc6 bxc6 9. e5 h6 10. Bh4 g5 11. fxg5 Nd5 12. Ne4 Qb6 13. Bd3 hxg5 14. Bxg5 Qxb2 15. Nf6+ Nxf6 16. Bxf6 Qc3+ 17. Kf1 Rg8 18. Qe1 Qd4 19. Rd1 a5 20. Qf2 Qg4 21. Qf3 d5 22. Qxg4 Rxg4 23. h3 Ra4 24. g4 Be7 25. g5 Bxf6 26. gxf6 Ba6 27. Rg1 Bxd3+ 28. cxd3 Kd7 29. Rb1 Rb4 30. Rxb4 axb4 31. Rg7 Rf8 32. d4 Ke8 33. Kg2 Rh8 34. Kg3 Kf8 35. h4 Rg8 36. Rxg8+ Kxg8 37. Kf3 Kh7 38. Ke2 Kg6 39. Kd2 Kh5 40. Kc2 Kxh4 41. Kb3 Kg4 42. Kxb4 Kf4 43. a4 Ke3 44. Kc5 1-0

[Event "Pereira Fiestas de la Cosecha"]
[Site "Pereira"]
[Date "2022.08.25"]
[Round "4"]
[White "Cuervo Velasquez, Juan Manuel"]
[Black "Perez Pertuz, Carlos Mario"]
[Result "0-1"]
[WhiteElo "1678"]
[BlackElo "1867"]
[PlyCount "44"]
[EventDate "2022.08.24"]
[EventType "swiss"]
[EventRounds "10"]
[EventCountry "COL"]
[SourceTitle "CBM 210 Extra"]
[Source "ChessBase"]
[SourceDate "2022.11.30"]
[SourceVersion "1"]
[SourceVersionDate "2022.11.30"]
[SourceQuality "1"]

1. e4 c5 2. Nf3 h6 3. d4 cxd4 4. Nxd4 Nf6 5. Nc3 e5 6. Ndb5 d6 7. a4 Be6 8. f4 Nc6 9. Nd5 Rc8 10. Nxf6+ Qxf6 11. f5 Qh4+ 12. Kd2 Qf4+ 13. Ke1 Qxe4+ 14. Be2 Bxf5 15. Qxd6 a6 16. Nc7+ Rxc7 17. Qxc7 Bg4 18. Kf2 Qxe2+ 19. Kg3 Bc5 20. h3 Qf2+ 21. Kh2 Bf3 22. Qc8+ Nd8 0-1

[Event "Medellin Feria de las Flores op"]
[Site "Medellin"]
[Date "2022.08.07"]
[Round "8"]
[White "Cuervo Velasquez, Juan Manuel"]
[Black "Pilonieta Forero, Andres Felipe"]
[Result "1-0"]
[WhiteElo "1678"]
[BlackElo "1518"]
[PlyCount "45"]
[EventDate "2022.08.03"]
[EventType "swiss"]
[EventRounds "9"]
[EventCountry "COL"]
[SourceTitle "CBM 209 Extra"]
[Source "ChessBase"]
[SourceDate "2022.09.30"]
[SourceVersion "1"]
[SourceVersionDate "2022.09.30"]
[SourceQuality "1"]

1. e4 e5 2. Nf3 Nc6 3. Bb5 a6 4. Ba4 Nf6 5. d4 exd4 6. 0-0 Be7 7. e5 Ne4 8. Nxd4 0-0 9. Nf5 Nc5 10. Qg4 Ne6 11. Bxc6 dxc6 12. Rd1 Bd7 13. Bh6 Bg5 14. Nxg7 Kh8 15. Nxe6 Bxe6 16. Rxd8 Rfxd8 17. Bg7+ Kg8 18. Qh5 Bc1 19. Bf6 Rd7 20. Nc3 Bxb2 21. Qg5+ Kf8 22. Qg7+ Ke8 23. Qg8# 1-0

[Event "Medellin Feria de las Flores op"]
[Site "Medellin"]
[Date "2022.08.07"]
[Round "9"]
[White "Pereira Vera, Henry Alberto"]
[Black "Cuervo Velasquez, Juan Manuel"]
[Result "1-0"]
[WhiteElo "1831"]
[BlackElo "1678"]
[PlyCount "49"]
[EventDate "2022.08.03"]
[EventType "swiss"]
[EventRounds "9"]
[EventCountry "COL"]
[SourceTitle "CBM 209 Extra"]
[Source "ChessBase"]
[SourceDate "2022.09.30"]
[SourceVersion "1"]
[SourceVersionDate "2022.09.30"]
[SourceQuality "1"]

1. b3 e5 2. Bb2 Nc6 3. c4 Bc5 4. e3 Nf6 5. d3 d6 6. Nf3 a5 7. a3 0-0 8. Be2 Ne7 9. d4 exd4 10. Nxd4 c6 11. 0-0 d5 12. Nd2 Qd6 13. Qc2 Ng4 14. N2f3 Bxd4 15. Bxd4 Nf5 16. Rfd1 Nh4 17. h3 Bf5 18. Qb2 Nxf3+ 19. Bxf3 Qh2+ 20. Kf1 h5 21. hxg4 hxg4 22. Bxg7 gxf3 23. gxf3 dxc4 24. bxc4 Rfd8 25. Ke2 1-0

[Event "Medellin Feria de las Flores op"]
[Site "Medellin"]
[Date "2022.08.03"]
[Round "1"]
[White "Ruiz Aguilar, Pablo Alexander"]
[Black "Cuervo Velasquez, Juan Manuel"]
[Result "0-1"]
[WhiteElo "2171"]
[BlackElo "1678"]
[PlyCount "54"]
[EventDate "2022.08.03"]
[EventType "swiss"]
[EventRounds "9"]
[EventCountry "COL"]
[SourceTitle "CBM 209 Extra"]
[Source "ChessBase"]
[SourceDate "2022.09.30"]
[SourceVersion "1"]
[SourceVersionDate "2022.09.30"]
[SourceQuality "1"]

1. e4 c5 2. Nf3 d6 3. d4 cxd4 4. Nxd4 Nf6 5. Nc3 a6 6. Be2 e5 7. Nf3 h6 8. Be3 Be6 9. Nd2 Qc7 10. f4 exf4 11. Bxf4 Nbd7 12. Nb3 Be7 13. Nd4 0-0 14. Qd2 Ne5 15. g4 Nfxg4 16. Rg1 Bh4+ 17. Kd1 Nf2+ 18. Kc1 Nh3 19. Nd5 Bxd5 20. Rxg7+ Kxg7 21. Nf5+ Kh7 22. Nxh4 Bxe4 23. Bxe5 dxe5 24. Bd3 Ng5 25. Bxe4+ Nxe4 26. Qg2 Qc6 27. Qh3 Qf6 0-1

[Event "Pereira Gildardo Garcia Memorial-A"]
[Site "Pereira"]
[Date "2022.05.21"]
[Round "8"]
[White "Cuervo Velasquez, Juan Manuel"]
[Black "Mora Munoz, Alejandro"]
[Result "0-1"]
[WhiteElo "1532"]
[BlackElo "2004"]
[PlyCount "64"]
[EventDate "2022.05.18"]
[EventType "swiss"]
[EventRounds "10"]
[EventCountry "COL"]
[SourceTitle "CBM 208 Extra"]
[Source "ChessBase"]
[SourceDate "2022.07.31"]
[SourceVersion "1"]
[SourceVersionDate "2022.07.31"]
[SourceQuality "1"]

1. e4 c5 2. Nf3 d6 3. Bb5+ Bd7 4. Bxd7+ Qxd7 5. c4 e5 6. Nc3 Nc6 7. d3 Be7 8. Nd5 Bd8 9. 0-0 Nge7 10. Ne1 0-0 11. f4 exf4 12. Bxf4 Nxd5 13. exd5 Nd4 14. Nf3 Bf6 15. Ng5 Rae8 16. Qh5 Bxg5 17. Bxg5 Re2 18. Rae1 Rxe1 19. Rxe1 Qf5 20. Qh4 f6 21. Bd2 Qxd3 22. Bc3 Qxc4 23. Qe4 f5 24. Qe7 Qxd5 25. Qd7 Qc6 26. Qe7 h6 27. Re3 f4 28. Re4 f3 29. gxf3 Nxf3+ 30. Kg2 Ne5 31. Qe6+ Kh8 32. Bxe5 Qxe4+ 0-1

[Event "Pereira Gildardo Garcia Memorial-A"]
[Site "Pereira"]
[Date "2022.05.21"]
[Round "7"]
[White "Loaiza Cuervo, Santiago"]
[Black "Cuervo Velasquez, Juan Manuel"]
[Result "0-1"]
[WhiteElo "1952"]
[BlackElo "1532"]
[PlyCount "64"]
[EventDate "2022.05.18"]
[EventType "swiss"]
[EventRounds "10"]
[EventCountry "COL"]
[SourceTitle "CBM 208 Extra"]
[Source "ChessBase"]
[SourceDate "2022.07.31"]
[SourceVersion "1"]
[SourceVersionDate "2022.07.31"]
[SourceQuality "1"]

1. e4 c5 2. Nf3 d6 3. d4 cxd4 4. Nxd4 Nf6 5. Nc3 a6 6. Bg5 e6 7. f4 Be7 8. Qf3 Qc7 9. 0-0-0 Nbd7 10. g4 h6 11. Bxf6 Nxf6 12. h4 Nd7 13. g5 hxg5 14. hxg5 Rxh1 15. Qxh1 Nf8 16. Qh8 g6 17. Bh3 b5 18. a3 Rb8 19. Kb1 b4 20. axb4 Rxb4 21. Rd3 Qb6 22. b3 Bb7 23. f5 gxf5 24. exf5 e5 25. g6 exd4 26. Na2 fxg6 27. fxg6 Be4 28. Nxb4 Qxb4 29. g7 Bxd3 30. g8Q Qe1+ 31. Ka2 Qa5+ 32. Kb2 Qc3+ 0-1

[Event "Pereira Gildardo Garcia Memorial-A"]
[Site "Pereira"]
[Date "2022.05.20"]
[Round "6"]
[White "Cuervo Velasquez, Juan Manuel"]
[Black "Avila Fraire, Ameyalli"]
[Result "0-1"]
[WhiteElo "1532"]
[BlackElo "1953"]
[PlyCount "64"]
[EventDate "2022.05.18"]
[EventType "swiss"]
[EventRounds "10"]
[EventCountry "COL"]
[SourceTitle "CBM 208 Extra"]
[Source "ChessBase"]
[SourceDate "2022.07.31"]
[SourceVersion "1"]
[SourceVersionDate "2022.07.31"]
[SourceQuality "1"]

1. e4 c5 2. Nf3 d6 3. Bb5+ Bd7 4. Bxd7+ Nxd7 5. d4 cxd4 6. Qxd4 Ngf6 7. c4 e5 8. Qe3 Qc7 9. b3 d5 10. exd5 Bc5 11. Qe2 0-0 12. Be3 e4 13. Nd4 Qa5+ 14. Bd2 Qb6 15. Nc2 Ne5 16. 0-0 Nfg4 17. Ne3 f5 18. Nc3 Qg6 19. Nxg4 Nxg4 20. h3 Ne5 21. Kh1 Rae8 22. a3 Bd4 23. Rad1 Nd3 24. f3 Qg3 25. f4 Nf2+ 26. Rxf2 Bxf2 27. Nb5 Rf6 28. Nc7 Rh6 29. Qf1 Rc8 30. Ne6 e3 31. Be1 e2 32. Qxf2 Qxf2 0-1

[Event "Pereira Gildardo Garcia Memorial-A"]
[Site "Pereira"]
[Date "2022.05.19"]
[Round "3"]
[White "Cuervo Velasquez, Juan Manuel"]
[Black "Heredia Serrano, Carla Sofia"]
[Result "1/2-1/2"]
[WhiteElo "1532"]
[BlackElo "2083"]
[PlyCount "34"]
[EventDate "2022.05.18"]
[EventType "swiss"]
[EventRounds "10"]
[EventCountry "COL"]
[SourceTitle "CBM 208 Extra"]
[Source "ChessBase"]
[SourceDate "2022.07.31"]
[SourceVersion "1"]
[SourceVersionDate "2022.07.31"]
[SourceQuality "1"]

1. e4 c6 2. Nc3 d5 3. d4 dxe4 4. Nxe4 Nf6 5. Nxf6+ exf6 6. c3 Bd6 7. Bd3 0-0 8. Qh5 Re8+ 9. Ne2 g6 10. Qf3 h5 11. h3 Be6 12. Bf4 Bf8 13. 0-0 Nd7 14. Qg3 Bg7 15. Bc7 Qc8 16. Bd6 Nb6 17. Nf4 Bf5 1/2-1/2

[Event "COL-ch U14"]
[Site "Bucaramanga"]
[Date "2022.05.08"]
[Round "8"]
[White "Cuervo Velasquez, Juan Manuel"]
[Black "Varela Sanchez, David Yoel"]
[Result "1-0"]
[WhiteElo "1532"]
[BlackElo "1256"]
[PlyCount "59"]
[EventDate "2022.05.04"]
[EventType "swiss"]
[EventRounds "9"]
[EventCountry "COL"]
[SourceTitle "EXT 2023"]
[Source "ChessBase"]
[SourceDate "2022.10.05"]
[SourceVersion "1"]
[SourceVersionDate "2022.10.05"]
[SourceQuality "1"]

1. e4 d5 2. exd5 Qxd5 3. Nc3 Qa5 4. Bc4 Nf6 5. d3 Nc6 6. Nge2 Bg4 7. f3 Bd7 8. 0-0 0-0-0 9. Be3 Ne5 10. Bb3 Bc6 11. d4 g5 12. Qe1 Ng6 13. Bxf7 g4 14. Be6+ Bd7 15. Bxd7+ Rxd7 16. Ne4 Qh5 17. N2g3 Qd5 18. Nxf6 exf6 19. fxg4 Nh4 20. Qf2 Rg8 21. h3 Bd6 22. Nh5 Qe6 23. Rae1 Ng6 24. Nxf6 Qxa2 25. Nxd7 Kxd7 26. Qf5+ Kd8 27. Bg5+ Be7 28. Bxe7+ Nxe7 29. Qxh7 Re8 30. Rf8 1-0

[Event "COL-ch U14"]
[Site "Bucaramanga"]
[Date "2022.05.07"]
[Round "7"]
[White "Cuervo Velasquez, Juan Manuel"]
[Black "Bolanos Lopez, Juan Jacobo"]
[Result "0-1"]
[WhiteElo "1532"]
[BlackElo "1701"]
[PlyCount "68"]
[EventDate "2022.05.04"]
[EventType "swiss"]
[EventRounds "9"]
[EventCountry "COL"]
[SourceTitle "EXT 2023"]
[Source "ChessBase"]
[SourceDate "2022.10.05"]
[SourceVersion "1"]
[SourceVersionDate "2022.10.05"]
[SourceQuality "1"]

1. e4 c5 2. Nf3 e6 3. d3 Nc6 4. Nbd2 Nf6 5. g3 Be7 6. Bg2 d5 7. 0-0 0-0 8. Re1 b5 9. e5 Nd7 10. Nf1 Bb7 11. h4 Qc7 12. Bf4 Rfc8 13. h5 h6 14. N1h2 Qd8 15. Qd2 a5 16. g4 Ra6 17. Bh3 d4 18. g5 hxg5 19. Nxg5 Ncxe5 20. Nxe6 fxe6 21. Bxe5 Bg5 22. f4 Bh4 23. Re2 Nxe5 24. Rxe5 Bd5 25. Qe2 Rcc6 26. Bf5 Bf6 27. Rxd5 exd5 28. Re1 Bh4 29. Qe8+ Qxe8 30. Rxe8+ Kf7 31. Bg6+ Rxg6+ 32. hxg6+ Rxg6+ 33. Kf1 Kxe8 34. Nf3 Bf6 0-1

[Event "COL-ch U14"]
[Site "Bucaramanga"]
[Date "2022.05.07"]
[Round "6"]
[White "Negron Lizarazo, Juan Sebastian"]
[Black "Cuervo Velasquez, Juan Manuel"]
[Result "0-1"]
[WhiteElo "1574"]
[BlackElo "1532"]
[PlyCount "86"]
[EventDate "2022.05.04"]
[EventType "swiss"]
[EventRounds "9"]
[EventCountry "COL"]
[SourceTitle "EXT 2023"]
[Source "ChessBase"]
[SourceDate "2022.10.05"]
[SourceVersion "1"]
[SourceVersionDate "2022.10.05"]
[SourceQuality "1"]

1. e4 c5 2. Nc3 a6 3. g3 b5 4. d3 Bb7 5. Bg2 e6 6. f4 Nf6 7. Nf3 d5 8. e5 Nfd7 9. 0-0 Qb6 10. h3 Nc6 11. Kh2 0-0-0 12. a4 b4 13. Ne2 f6 14. d4 a5 15. Be3 c4 16. Qd2 h6 17. Nh4 f5 18. Ng6 Rg8 19. Ng1 Ne7 20. Nxf8 Nxf8 21. Nf3 Nh7 22. Rg1 g6 23. Bf1 Rg7 24. b3 c3 25. Qe2 g5 26. Qb5 Kc7 27. Qc5+ Qxc5 28. dxc5 Nc6 29. Bd4 g4 30. Bb5 gxf3 31. Bxc6 Bxc6 32. Rgf1 Nf8 33. Rxf3 Nd7 34. Rg1 h5 35. Re3 Bb7 36. Rg2 Kc6 37. Re1 Nxc5 38. h4 Ne4 39. Re3 Nd2 40. Rg1 Ba6 41. Kg2 Rdg8 42. Kf2 Ne4+ 43. Kf3 Rxg3+ 0-1

[Event "Sabaneta Ciudad Para el Mundo"]
[Site "Sabaneta"]
[Date "2022.03.21"]
[Round "7"]
[White "Zapata Cuartas, Juan Carlos"]
[Black "Cuervo Velasquez, Juan Manuel"]
[Result "1-0"]
[WhiteElo "2057"]
[BlackElo "1487"]
[PlyCount "51"]
[EventDate "2022.03.18"]
[EventType "tourn"]
[EventRounds "7"]
[EventCountry "COL"]
[SourceTitle "EXT 2023"]
[Source "ChessBase"]
[SourceDate "2022.10.05"]
[SourceVersion "1"]
[SourceVersionDate "2022.10.05"]
[SourceQuality "1"]

1. d4 Nf6 2. c4 g6 3. Nc3 d5 4. cxd5 Nxd5 5. Bd2 Bg7 6. e4 Nb6 7. Be3 0-0 8. h3 Be6 9. d5 Bd7 10. Nf3 c6 11. Bd4 cxd5 12. Bxg7 Kxg7 13. exd5 Na6 14. Bxa6 bxa6 15. 0-0 Bb5 16. Re1 Qd6 17. a4 Bd7 18. a5 Nc8 19. Qd4+ Kg8 20. Ne4 Qf4 21. Ne5 Rd8 22. Ra3 Be6 23. Rf3 Qh6 24. dxe6 Rxd4 25. exf7+ Kf8 26. Nc5 1-0

[Event "Sabaneta Ciudad Para el Mundo"]
[Site "Sabaneta"]
[Date "2022.03.20"]
[Round "4"]
[White "Cuervo Velasquez, Juan Manuel"]
[Black "Moncada Correa, Sara"]
[Result "1/2-1/2"]
[WhiteElo "1487"]
[BlackElo "2026"]
[PlyCount "117"]
[EventDate "2022.03.18"]
[EventType "tourn"]
[EventRounds "7"]
[EventCountry "COL"]
[SourceTitle "EXT 2023"]
[Source "ChessBase"]
[SourceDate "2022.10.05"]
[SourceVersion "1"]
[SourceVersionDate "2022.10.05"]
[SourceQuality "1"]

1. e4 e6 2. d3 d5 3. Nd2 Nf6 4. Ngf3 b6 5. g3 Bb7 6. Qe2 dxe4 7. dxe4 Nc6 8. Bg2 Nb4 9. Qc4 Ba6 10. Qb3 Nd7 11. Bf1 Bxf1 12. Kxf1 Qc8 13. Kg2 Be7 14. a3 Na6 15. Qe3 Qb7 16. b4 Bf6 17. Rb1 e5 18. Bb2 0-0-0 19. c4 c5 20. Bc3 Nc7 21. Rb2 Ne6 22. Ra1 h5 23. b5 h4 24. a4 Kc7 25. a5 Ra8 26. Rba2 g5 27. axb6+ axb6 28. Rxa8 Rxa8 29. Rxa8 Qxa8 30. Qd3 g4 31. Ne1 Nd4 32. Bxd4 exd4 33. f4 gxf3+ 34. Nexf3 hxg3 35. hxg3 Qa5 36. Qe2 Be5 37. Ne1 Qc3 38. Nd3 Bxg3 39. Nb1 Qxc4 40. Kxg3 Ne5 41. Nf4 Qb3+ 42. Kh4 Qxb1 43. Kg5 d3 44. Nd5+ Kb7 45. Qf2 Qc1+ 46. Kf5 Nd7 47. Qg3 Qf1+ 48. Kg5 f6+ 49. Kh6 Qc1+ 50. Kh7 Nf8+ 51. Kg7 Qg5+ 52. Qxg5 fxg5 53. Kxf8 g4 54. Ne3 g3 55. e5 d2 56. e6 g2 57. e7 d1Q 58. Nxd1 g1Q 59. e8Q 1/2-1/2

[Event "Sabaneta Ciudad Para el Mundo"]
[Site "Sabaneta"]
[Date "2022.03.19"]
[Round "3"]
[White "Osorio, Cristhian Camilo"]
[Black "Cuervo Velasquez, Juan Manuel"]
[Result "1/2-1/2"]
[WhiteElo "2168"]
[BlackElo "1487"]
[PlyCount "47"]
[EventDate "2022.03.18"]
[EventType "tourn"]
[EventRounds "7"]
[EventCountry "COL"]
[SourceTitle "EXT 2023"]
[Source "ChessBase"]
[SourceDate "2022.10.05"]
[SourceVersion "1"]
[SourceVersionDate "2022.10.05"]
[SourceQuality "1"]

1. f4 c5 2. Nf3 g6 3. c4 Bg7 4. Nc3 Nc6 5. e3 Nf6 6. d4 cxd4 7. Nxd4 0-0 8. Nxc6 bxc6 9. Be2 Rb8 10. 0-0 d5 11. cxd5 cxd5 12. Rb1 Bf5 13. Bd3 d4 14. e4 dxc3 15. exf5 cxb2 16. Bxb2 Rxb2 17. Rxb2 Nd5 18. Re2 Nc3 19. Qc2 Qd4+ 20. Kh1 Nxe2 21. Qxe2 Rd8 22. Bc4 Bf6 23. fxg6 hxg6 24. g4 1/2-1/2

[Event "Medellin Luces op"]
[Site "Medellin"]
[Date "2021.12.19"]
[Round "4"]
[White "Cuervo Velasquez, Juan Manuel"]
[Black "Ruiz Agudelo, Jeronimo"]
[Result "0-1"]
[WhiteElo "1392"]
[BlackElo "1642"]
[PlyCount "78"]
[EventDate "2021.12.17"]
[EventType "swiss"]
[EventRounds "7"]
[EventCountry "COL"]
[SourceTitle "CBM 206 Extra"]
[Source "ChessBase"]
[SourceDate "2022.03.31"]
[SourceVersion "1"]
[SourceVersionDate "2022.03.31"]
[SourceQuality "1"]

1. e4 c5 2. Nf3 e6 3. d3 d5 4. Nbd2 Bd6 5. g3 Ne7 6. Bg2 Nbc6 7. 0-0 0-0 8. Re1 f6 9. Qe2 Bd7 10. c3 Be8 11. Nb3 Bh5 12. Be3 b6 13. Qc2 Rc8 14. d4 cxd4 15. Nbxd4 Nxd4 16. Nxd4 Bf7 17. Qe2 e5 18. Nb5 d4 19. Nxd6 Qxd6 20. Rad1 Bxa2 21. cxd4 Bc4 22. Qd2 Bb3 23. Rc1 exd4 24. Qxd4 Qxd4 25. Bxd4 Nc6 26. Bc3 Ne5 27. Re3 Rfd8 28. Rce1 Nc4 29. Rf3 Bd1 30. Rf5 Bg4 31. Rd5 Be6 32. Rdd1 a5 33. f4 b5 34. Bd4 b4 35. Bf1 a4 36. Bxc4 Bxc4 37. Bb6 Rxd1 38. Rxd1 a3 39. bxa3 bxa3 0-1